| 000 | 01322nam a2200313 c 4500 | ||
|---|---|---|---|
| 003 | BLK | ||
| 005 | 20180422093240.0 | ||
| 008 | 180412b bul|||||r ||||||| ||bul|| | ||
| 010 | _aKNG00003922000 | ||
| 040 | _aBLK | ||
| 041 |
_aBUL _cBUL |
||
| 080 |
_aАмериканска литература (на САЩ) _b821.111(73) _x-31 _z821.111(73)-31 |
||
| 100 | 1 |
_aУинзор, Катлин _eпърви автор _9246482 |
|
| 700 | 1 |
_aТодоров, Николай _eпрев. от англ. _gНиколай Тодоров _9363506 |
|
| 700 | 1 |
_aПетрова, Мария _eпрев. от англ. _gДонкова, Мария Петрова _9246483 |
|
| 139 |
_aУинзор, Катлин _bУ 41 |
||
| 245 | 1 | 0 |
_aАрабела _bРоман _cКатлин Уинзор; прев. от англ. Николай Тодоров; прев. от англ. Мария Петрова. |
| 257 | _aUSA | ||
| 260 |
_аВ. Търново _bОрион _c1994 |
||
| 300 |
_a256 с. _c20 см |
||
| 380 | _aX | ||
| 500 | _aОриг. загл. Robert and Arabella / Kathleen Winsor. - 8 000 тир. | ||
| 653 | _aромантична проза | ||
| 852 | _aЦб 181351 | ||
| 856 | 4 |
_qpdf _u |
|
| 856 | 4 |
_qpdf _u |
|
| 942 |
_cKNG _n0 |
||
| 944 |
_aCR _c15.01.2003 _lф / _kВаля_Йорданова |
||
| 944 |
_aED _c12.02.2015 _lф / _kСимона_Петрова |
||
| 999 |
_c2894 _d2894 |
||